000 00291nam a2200121Ia 4500
999 _c9781
_d9781
008 220112s9999||||xx |||||||||||||| ||und||
020 _a9788496936935
082 _a728.5
_bKUN
100 _aKunz, Martin Nicholas
245 0 _aAuthentic & charming top hotels
260 _bLoft
942 _2ddc